Normal view
MARC view
Entry Personal Name
001 - CONTROL NUMBER
- control field: 9962
003 - CONTROL NUMBER IDENTIFIER
- control field: OSt
005 - DATE AND TIME OF LATEST TRANSACTION
- control field: 20190906064617.0
008 - FIXED-LENGTH DATA ELEMENTS
- fixed length control field: 190906|| aca||aabn | a|a d
040 ## - CATALOGING SOURCE
- Original cataloging agency: OSt
- Transcribing agency: OSt
100 ## - HEADING--PERSONAL NAME
- Personal name: Roos, Mechthild
670 ## - SOURCE DATA FOUND
- Source citation: Work cat.: (OSt): Roos, Mechthild , Intra-party group unity in the European Parliament prior to its first direct elections in 1979, 2019
